Calculating the weather : meteorology in the 20th century /

Bibliographic Details
Main Author: Nebeker, Frederik
Format: Book
Language:English
Published: San Diego : Academic Press, [1995]
Series:International geophysics series ; v. 60.
Subjects:

MARC

Tag First Indicator Second Indicator Subfields
LEADER 00000cam a2200000 a 4500
001 in00001234321
005 20151003062112.0
008 940922s1995 cau b 001 0 eng
010 |a  94037625  
020 |a 0125151756 
035 |a (OCoLC)31289470 
035 |9 AGS6740AM 
040 |a DLC  |c DLC  |d TXA  |d UtOrBLW 
049 |a TXAM 
050 0 0 |a QC871  |b .N344 1995 
082 0 0 |a 551.5/028  |2 20 
100 1 |a Nebeker, Frederik. 
245 1 0 |a Calculating the weather :  |b meteorology in the 20th century /  |c Frederik Nebeker. 
264 1 |a San Diego :  |b Academic Press,  |c [1995] 
264 4 |c ©1995 
300 |a vii, 255 pages :  |b illustrations ;  |c 24 cm. 
336 |a text  |b txt  |2 rdacontent 
337 |a unmediated  |b n  |2 rdamedia 
338 |a volume  |b nc  |2 rdacarrier 
490 1 |a International geophysics series ;  |v v. 60 
504 |a Includes bibliographical references and index. 
650 0 |a Meteorology  |x Methodology. 
830 0 |a International geophysics series ;  |v v. 60. 
999 |a MARS 
999 f f |s ad77b2f9-3f4b-3fce-97f2-0114fa03c27c  |i 1d8ed5bc-ee94-3de3-80ee-10662a0339fd  |t 0 
952 f f |p normal  |a Texas A&M University  |b College Station  |c Sterling C. Evans Library  |s Evans stk  |d Evans: Library Stacks  |t 0  |e QC871 .N344 1995  |h Library of Congress classification  |i unmediated -- volume  |m A14819061565 
998 f f |a QC871 .N344 1995  |t 0  |l Evans: Library Stacks